Normal view
MARC view
- Dakovic Milos
Entry Personal Name
001 - CONTROL NUMBER
- control field: 98170
003 - CONTROL NUMBER IDENTIFIER
- control field: NUST
005 - DATE AND TIME OF LATEST TRANSACTION
- control field: 20220819085950.0
008 - FIXED-LENGTH DATA ELEMENTS
- fixed length control field: 220819|| aca||aabn | a|a d
040 ## - CATALOGING SOURCE
- Original cataloging agency: NUST
- Transcribing agency: NUST
100 ## - HEADING--PERSONAL NAME
- Personal name: Dakovic Milos
670 ## - SOURCE DATA FOUND
- Source citation: Work cat.: (NUST)198654: Stankovic, Ljubisa 98169, Time-frequency signal analysis with applications /, c2013.
